000 00478nam a2200193Ia 4500
005 20250423100417.0
008 250422s9999 xx 000 0 und d
020 _a0230-63885-6
050 _aHD 31 .S53/
100 _aSharma, J. K.
245 0 _aOperations research theory and applications
250 _a4th ed.
260 _aNew Delhi
260 _bMacmillan Publishers India Ltd.
260 _c2009
300 _a958 p
650 _aBusiness Research
942 _cBK
999 _c33221
_d33221